Arte colonial en Chile
Saved in:
| Hovedforfatter: | |
|---|---|
| Format: | Bog |
| Sprog: | spansk |
| Udgivet: |
Santiago, Chile
Ministerio de Educación
1978
|
| Serier: | El Patrimonio Cultural Chileno. Historia del Arte Chileno
|
| Fag: | |
| Tags: |
Tilføj Tag
Ingen Tags, Vær først til at tagge denne postø!
|
MARC
| LEADER | 00000nam a2200000 a 4500 | ||
|---|---|---|---|
| 001 | UCO2041 | ||
| 003 | CL-VaPUC | ||
| 005 | 20240619100128.0 | ||
| 008 | 000602e19780000CL |||||||||||||||||spa|d | ||
| 999 | |c 288584 |d 288582 | ||
| 040 | |c Pontificia Universidad Católica de Valparaíso | ||
| 082 | 0 | 4 | |a 709.83 GON 1978 |2 21 |
| 100 | |a González Echenique, Javier |e autor |9 564859 | ||
| 245 | 1 | 0 | |a Arte colonial en Chile |
| 260 | |a Santiago, Chile |b Ministerio de Educación |c 1978 | ||
| 300 | |a 58 páginas | ||
| 490 | 0 | |a El Patrimonio Cultural Chileno. Historia del Arte Chileno | |
| 583 | |a last modification |c 20000602 00:00:00 |k Rodrigo Vera | ||
| 650 | 0 | |a Historia del arte |z CHILE |9 314877 | |
| 650 | 7 | |a EPOCA COLONIAL |2 CL-VaPUC |9 444726 |x ARTE |z CHILE | |
| 650 | 0 | |a Arquitectura |z CHILE |9 804558 | |
| 650 | 0 | |a Arte religioso |z CHILE |9 330545 | |
| 852 | |a BIBCUR | ||
| 942 | |c BK |2 ddc | ||
| 945 | |d 20000602 00:00:00 |a crobeson | ||
| 952 | |0 0 |1 0 |2 ddc |4 0 |6 709_830000000000000_GON_1978 |7 0 |8 X |9 336358 |a BIBHIS |b BIBHIS |d 2019-11-20 |i 1277774 |l 4 |o 709.83 GON 1978 |p 1277774 |r 2024-01-30 |s 2023-05-15 |t 1 |w 2019-11-20 |y BK_X |k HIS | ||